It looks like you're offline.
Open Library logo
additional options menu

MARC record from Internet Archive

LEADER: 04136cam 2200697 a 4500
001 ocm40489353
003 OCoLC
005 20200106085238.0
008 981208s1999 pau b 001 0 eng
010 $a 98054680
040 $aDLC$beng$cDLC$dNLC$dBAKER$dBTCTA$dYDXCP$dDEBBG$dEXW$dTULIB$dBDX$dOCLCF$dDEBSZ$dOCLCO$dOCLCQ$dTYC$dOCLCQ$dCNO$dOCLCO$dBGU$dOCLCO$dCPS$dOCLCA
015 $a20020123361$2can
016 $a(AMICUS)000019759362
020 $a1566397049$q(cloth ;$qalk. paper)
020 $a9781566397049$q(cloth ;$qalk. paper)
020 $a1566397057$q(pbk. ;$qalk. paper)
020 $a9781566397056$q(pbk. ;$qalk. paper)
020 $a1566397030
020 $a9781566397032
035 $a(OCoLC)40489353
050 00 $aTX392$b.F79 1999
055 01 $aTX392
082 00 $a613.2/62$221
084 $aCC 7200$2rvk
084 $acci1icc$2lacc
100 1 $aFox, Michael Allen.
245 10 $aDeep vegetarianism /$cMichael Allen Fox.
260 $aPhiladelphia :$bTemple University Press,$c℗♭1999.
300 $axxii, 234 pages ;$c22 cm.
336 $atext$btxt$2rdacontent
337 $aunmediated$bn$2rdamedia
338 $avolume$bnc$2rdacarrier
490 1 $aAmerica in transition
504 $aIncludes bibliographical references (215-226) and index.
505 00 $tA Historical-Philosophical Overview --$tLearning from the History of Vegetarianism --$tAntiquity and the Special Case of Porphyry --$tFrom Medieval Times to the Modern Era --$tYou Are What You Eat (Almost): The Meaning of Food --$tFood Symbolism --$tThe Meaning of Meat --$tVegetarian Meanings --$tCompartmentalization of Thought and Feeling--and the Burden of Proof --$tThe Compartmentalization Phenomenon --$tInconsistency --$tFailing to See Connections --$tA Brief Case Study: Environmental Ethicists and Meat-Eating --$tReversing the Burden of Proof --$tVegetarian Outlooks --$tTypes of Vegetarianism --$tExperiences, Emotions, and Vegetarianism --$tGrounds for Vegetarianism --$tThe Moral Status of Animals --$tArguments for Vegetarianism: I --$tGood Health --$tAnimal Suffering and Death --$tImpartiality, or Disinterested Moral Concern --$tArguments for Vegetarianism: II --$tThe Environmental Impact of Meat Production --$tThe Manipulation of Nature --$tWorld Hunger and Injustice --$tInterconnected Forms of Oppression --$tCommon Threads --$tArguments for Vegetarianism: III --$tWisdom Traditions and Modern Parallels --$tInterspecies Kinship and Compassion --$tUniversal Nonviolence (Ahimsa) --$tEarthdwelling: Native Peoples' Spirituality --$tMajor Religions and Minority Voices --$tVegetarian Building Blocks --$tArguments Against Vegetarianism --$tThe Consequences of Vegetarianism --$tHumans as Natural Carnivores --$tAnimals as Replaceable --$tAn Ecological Objection --$tThe Necessity of Killing --$tA Feminist Critique of Vegetarianism.
650 0 $aVegetarianism.
650 0 $aVegetarianism$xMoral and ethical aspects.
650 7 $aVegetarianism.$2fast$0(OCoLC)fst01164896
650 7 $aVegetarianism$xMoral and ethical aspects.$2fast$0(OCoLC)fst01164901
650 7 $aEthik$2gnd
650 7 $aVegetarismus$2gnd
650 07 $aEthik.$2swd
650 07 $aVegetarismus.$2swd
830 0 $aAmerica in transition (Philadelphia, Pa.)
856 41 $3Table of contents$uhttp://bvbr.bib-bvb.de:8991/F?func=service&doc_library=BVB01&doc_number=009897508&line_number=0001&func_code=DB_RECORDS&service_type=MEDIA
856 41 $3Table of contents$uhttp://digitool.hbz-nrw.de:1801/webclient/DeliveryManager?pid=3225457
938 $aBaker & Taylor$bBKTY$c70.50$d70.50$i1566397049$n0003246966$sactive
938 $aBrodart$bBROD$n53750489$c$26.95
938 $aBaker and Taylor$bBTCP$n98054680
938 $aYBP Library Services$bYANK$n1547851
029 1 $aAU@$b000014328363
029 1 $aDEBBG$bBV014554771
029 1 $aDEBSZ$b086764608
029 1 $aHR0$b1566397049
029 1 $aNLGGC$b176476962
029 1 $aNZ1$b2445249
029 1 $aYDXCP$b1547850
029 1 $aYDXCP$b1547851
029 1 $aNLC$b000019759362
994 $aZ0$bP4A
948 $hNO HOLDINGS IN P4A - 323 OTHER HOLDINGS